Germany very easy quiz - Statistics

General Stats
  • This quiz has been taken 17 times
  • The average score is 8 of 10
Answer Stats
Hint Answer % Correct
Did they start ww2 and ww1? Yes
100%
Does Germany border Switzerland? Yes
100%
Has Germany had colonies before? Yes
100%
Did Poland gain its independence from Germany? Yes
100%
Is Germany a founding country of the European Union? Yes
100%
Is there a speed limit on the autobahn? No
93%
What is the German economy rank? 3
73%
Who is infamous in Germany? Hitler
73%
What country did germany sign a non aggression pact with in 1939? USSR
60%
What was their name during ww1? German Empire
13%
No matching quizzes found
Score Distribution
Percent of People with Each Score
Percentile by Number Answered
Your Score History
You have not taken this quiz